000 00626nam a2200181 i 4500
001 173355
003 ES-MaACL
005 20230906215224.0
008 091127s1972 sp a |||| | spa d
100 1 _aRivero, Ángel.
_9141648
245 1 0 _aCrónica de la guerra hispanoamericana en Puerto Rico /
_cÁngel Rivero.
250 _a1ª ed.
260 _aRío Piedras :
_bEditorial Edil,
_c1972.
300 _a688 p., 2 h. :
_bil. ;
_c24 cm.
651 4 _aPuerto Rico-
_xHistoria-
_y1868, Insurrección.
_9160699
651 4 _aPuerto Rico-
_xHistoria-
_y1898-1952, Gobierno norteamericano.
_9149195
852 _aES-MaACL
_jC-56980
999 _c173355
_d173355